| 000 | 01043nam a2200277 a 4500 | ||
|---|---|---|---|
| 001 | 29120 | ||
| 003 | BD-RjUL | ||
| 005 | 20211209051356.0 | ||
| 008 | 140402s1953 enk b 001 0 eng d | ||
| 035 | _a(BD-RjUL)29205 | ||
| 040 |
_aNWU _beng _cNWU _dABN:1 _dBD-RjUL |
||
| 041 | 1 |
_aeng _hfre |
|
| 082 | 1 | 4 |
_a155.4 _219 _bGAP 1953 |
| 100 | 1 |
_aGanz, Madelaine. _988925 |
|
| 245 | 1 | 4 |
_aThe psychology of Alfred Adler and the development of the child / _cby Madelaine Ganz ; with a preface by Pierre Bovet ; translated by Philip Mairet. |
| 260 |
_aLondon : _bRoutledge and Kegan Paul, _c1953. |
||
| 300 |
_axiii, 203 p. ; _c22 cm. |
||
| 500 | _aTranslation of: La psychologie d'Alfred Adler et le developpment de l'enfant. | ||
| 504 | _aBibliography: p. 193-196.and index. | ||
| 600 | 1 | 0 |
_aAdler, Alfred, _d1870-1937. _916817 |
| 650 | 0 |
_aPsychoanalysis. _988926 |
|
| 650 | 0 |
_aChild development. _95451 |
|
| 700 | 1 |
_aMairet, Philip, _d1886-1975. _988927 |
|
| 942 |
_2ddc _cBK |
||
| 999 |
_c29120 _d29120 |
||